000
00337 a2200157 4500
001
61999
020
_a
9788588483385
040
_c
Anchieta - Pituba
100
_a
Armond, Edgard
240
1
0
_a
Os exilados da capela
_l
por
245
1
0
_a
Os exilados da capela
300
_a
192
362
0
_a
2011
650
4
_a
Espiritismo
942
_c
BK
999
_c
61999
_d
61999